[Event "Bratto op 35th"]
[Site "Bratto"]
[Date "2015.08.26"]
[Round "5"]
[White "Motola, Jacopo"]
[Black "Aghayev, Miragha"]
[Result "0-1"]
[WhiteElo "2061"]
[BlackElo "2354"]
[PlyCount "100"]
[EventDate "2015.08.22"]
[EventType "swiss"]
[EventRounds "9"]
[EventCountry "ITA"]
[SourceTitle "EXT 2016"]
[Source "ChessBase"]
[SourceDate "2015.10.08"]
[SourceVersion "1"]
[SourceVersionDate "2015.10.08"]
[SourceQuality "1"]

1. d4 f5 2. g3 Nf6 3. Bg2 g6 4. c4 Bg7 5. Nc3 0-0 6. Nf3 d6 7. 0-0 c6 8. Qc2 Qc7 9. b3 e5 10. dxe5 dxe5 11. Bb2 e4 12. Ne1 Nbd7 13. f3 Ne5 14. Nd1 Bd7 15. f4 Nf7 16. e3 c5 17. Nf2 h5 18. h4 b5 19. Nd1 bxc4 20. Qxc4 Qb6 21. Rf2 Be6 22. Qc1 Rfc8 23. Bf1 a5 24. Bc4 a4 25. Rd2 Rcb8 26. Bxe6 Qxe6 27. Qxc5 axb3 28. axb3 Rxa1 29. Bxa1 Rxb3 30. Rb2 Kh7 31. Rxb3 Qxb3 32. Qc2 Qb5 33. Bxf6 Bxf6 34. Kf2 Nh6 35. Qe2 Ng4+ 36. Kf1 Qb3 37. Kg1 Be7 38. Nc2 Bc5 39. Qd2 Qb5 40. Kg2 Qc4 41. Kg1 Qb5 42. Kg2 Bb6 43. Nf2 Nf6 44. Kg1 Nd5 45. Nd1 Qd3 46. Qc1 Qe2 47. Qb1 Qf3 48. Kh2 Nf6 49. Qxb6 Ng4+ 50. Kh3 Qh1# 0-1

[Event "Bratto op 35th"]
[Site "Bratto"]
[Date "2015.08.22"]
[Round "1"]
[White "Motola, Jacopo"]
[Black "Madiai, Federico"]
[Result "1/2-1/2"]
[WhiteElo "2061"]
[BlackElo "2227"]
[PlyCount "160"]
[EventDate "2015.08.22"]
[EventType "swiss"]
[EventRounds "9"]
[EventCountry "ITA"]
[SourceTitle "EXT 2016"]
[Source "ChessBase"]
[SourceDate "2015.10.08"]
[SourceVersion "1"]
[SourceVersionDate "2015.10.08"]
[SourceQuality "1"]

1. e4 c5 2. Nc3 Nc6 3. g3 g6 4. Bg2 Bg7 5. d3 Rb8 6. a4 d6 7. f4 Nd4 8. Nf3 Bg4 9. h3 Bxf3 10. Bxf3 Nf6 11. 0-0 0-0 12. Kg2 a6 13. Be3 Nd7 14. Ra2 Re8 15. Ne2 Qc7 16. c3 Nxf3 17. Rxf3 Qc6 18. g4 d5 19. Ng3 dxe4 20. dxe4 Red8 21. Qc2 c4 22. Ra1 b5 23. axb5 Rxb5 24. Rf2 Rb3 25. Qd1 Rdb8 26. Ra2 Nf6 27. g5 Nh5 28. Qd5 Qxd5 29. exd5 Nxg3 30. Kxg3 h5 31. Kf3 R8b5 32. Ke4 a5 33. Bd4 Bf8 34. Be5 Rc5 35. Ra4 Rbb5 36. Rd2 Rc8 37. Rd4 Rbc5 38. h4 Bg7 39. Rd1 Rd8 40. d6 exd6 41. Rxd6 Rb8 42. Bxg7 Kxg7 43. Ra2 Re8+ 44. Kf3 Re1 45. Rd4 Rh1 46. Kg3 Rg1+ 47. Kh2 Rb1 48. Kg2 Kf8 49. Re4 Rd1 50. Re2 Rd3 51. Ra4 Kg7 52. Re4 Rd2+ 53. Kf3 Rb5 54. Rexc4 Rdxb2 55. Rc7 Rc2 56. Ke3 Rh2 57. c4 Rb3+ 58. Ke4 Rxh4 59. c5 Rhh3 60. Rc4 Rbd3 61. Ke5 h4 62. Rb7 Rhe3+ 63. Re4 Rxe4+ 64. Kxe4 Rc3 65. Kd5 h3 66. Rb2 a4 67. c6 a3 68. Ra2 Kf8 69. Kd6 Rd3+ 70. Kc7 Rb3 71. Kc8 Ke7 72. c7 Ke6 73. Rc2 Rb2 74. Rc6+ Ke7 75. Rc1 a2 76. Rd1 Kf8 77. Kd7 Rd2+ 78. Kc6 Rc2+ 79. Kb7 Rb2+ 80. Ka8 Rc2 1/2-1/2

[Event "Milan SSM August A"]
[Site "Milan"]
[Date "2015.08.01"]
[Round "2"]
[White "Motola, Jacopo"]
[Black "Vezzosi, Paolo"]
[Result "0-1"]
[WhiteElo "2164"]
[BlackElo "2349"]
[PlyCount "82"]
[EventDate "2015.07.31"]
[EventType "swiss"]
[EventRounds "7"]
[EventCountry "ITA"]
[SourceTitle "EXT 2024"]
[Source "ChessBase"]
[SourceDate "2023.10.10"]
[SourceVersion "1"]
[SourceVersionDate "2023.10.10"]
[SourceQuality "1"]

1. Nf3 Nf6 2. g3 d5 3. Bg2 c6 4. b3 Bg4 5. Bb2 Nbd7 6. 0-0 e6 7. d3 Be7 8. Nbd2 0-0 9. c4 a5 10. a3 Qb6 11. Qc2 Rfd8 12. e3 h6 13. h3 Bf5 14. e4 dxe4 15. dxe4 Bh7 16. Rfe1 Nh5 17. Nf1 Nc5 18. Re3 Rd7 19. Ne5 Rd6 20. Qe2 Nf6 21. Nxf7 Kxf7 22. e5 Rd3 23. exf6 gxf6 24. Rxd3 Bxd3 25. Qh5+ Bg6 26. Qxh6 Qxb3 27. Bd4 Rd8 28. Be3 Qxc4 29. Rc1 Qb5 30. Nh2 Nd3 31. Rd1 Qh5 32. Qxh5 Bxh5 33. Rb1 Rd7 34. a4 Nc5 35. g4 Bg6 36. Rc1 Nxa4 37. Ra1 Bc2 38. Ra2 Bb3 39. Rd2 Rxd2 40. Bxd2 Bb4 41. Bxb4 axb4 0-1

[Event "Milan Palladino Memorial-A 7th"]
[Site "Milan"]
[Date "2015.04.04"]
[Round "3"]
[White "Motola, Jacopo"]
[Black "Giacometto, Mario"]
[Result "1-0"]
[WhiteElo "2240"]
[BlackElo "1944"]
[PlyCount "75"]
[EventDate "2015.04.02"]
[EventType "swiss"]
[EventRounds "7"]
[EventCountry "ITA"]
[SourceTitle "EXT 2017"]
[Source "ChessBase"]
[SourceDate "2016.10.25"]
[SourceVersion "1"]
[SourceVersionDate "2016.10.25"]
[SourceQuality "1"]

1. e4 e6 2. d4 d5 3. Nc3 Bb4 4. e5 Ne7 5. a3 Bxc3+ 6. bxc3 c5 7. a4 Nbc6 8. Nf3 0-0 9. Bd3 f6 10. 0-0 c4 11. Be2 fxe5 12. Nxe5 Nxe5 13. dxe5 b6 14. Ba3 Rf7 15. Bxc4 Nc6 16. Be2 Nxe5 17. f4 Nd7 18. f5 Nc5 19. fxe6 Rxf1+ 20. Bxf1 Bxe6 21. Qd4 Qc7 22. Re1 Bf7 23. g3 Rc8 24. Re3 a5 25. Bb2 Be6 26. Bg2 Kh8 27. h3 Bg8 28. Kh2 Qd7 29. h4 Re8 30. Rxe8 Qxe8 31. c4 Qd7 32. cxd5 h6 33. d6 Be6 34. Qe5 Nxa4 35. Bd4 Qf7 36. Qf4 Qxf4 37. gxf4 Kg8 38. Bd5 1-0

[Event "Milan Carnevale op-A 6th"]
[Site "Milan"]
[Date "2015.02.22"]
[Round "6"]
[White "Motola, Jacopo"]
[Black "Nepi, Ezio"]
[Result "1-0"]
[WhiteElo "2217"]
[BlackElo "1951"]
[PlyCount "143"]
[EventDate "2015.02.18"]
[EventType "swiss"]
[EventRounds "6"]
[EventCountry "ITA"]
[SourceTitle "EXT 2017"]
[Source "ChessBase"]
[SourceDate "2016.10.25"]
[SourceVersion "1"]
[SourceVersionDate "2016.10.25"]
[SourceQuality "1"]

1. e4 c5 2. Nf3 d6 3. d4 cxd4 4. Nxd4 Nf6 5. Nc3 Nc6 6. Be2 e5 7. Nb3 Be7 8. 0-0 0-0 9. Kh1 a5 10. Nd2 Nd4 11. Bc4 Be6 12. Bxe6 fxe6 13. Ne2 Nc6 14. f3 d5 15. Ng3 Qc7 16. c3 Rad8 17. Qa4 Nd7 18. Nb3 Nb6 19. Qb5 Nc4 20. Nd2 Ne3 21. Rf2 Na7 22. Qe2 Bc5 23. Nb3 Ng4 24. Nxc5 Qxc5 25. Rf1 Nf6 26. Bg5 Nc6 27. Rad1 h6 28. Bxf6 Rxf6 29. Rd3 d4 30. Rfd1 Qe7 31. Qc2 Rc8 32. Qf2 Rc7 33. Ne2 dxc3 34. Nxc3 Nd4 35. Qg3 Qc5 36. h3 Kh7 37. Na4 Qb5 38. b3 Rg6 39. Qf2 Rc2 40. R3d2 Rxd2 41. Rxd2 Qc6 42. Nb2 Qc1+ 43. Rd1 Qc7 44. Nd3 Nc6 45. Rc1 Qd6 46. Qe2 Qe7 47. Qe3 Rg3 48. Kh2 Qh4 49. Qf2 Qd8 50. Nc5 Rg6 51. Nxb7 Qd7 52. Nc5 Qf7 53. Nd3 Nd4 54. Kh1 Qf6 55. Rd1 Nc6 56. a3 Qd8 57. Rd2 Qb8 58. Qc5 Qb7 59. Nxe5 Nxe5 60. Qxe5 Qxb3 61. Qxa5 Qe3 62. Rc2 Qd3 63. Qc3 Qf1+ 64. Kh2 Qa6 65. Rd2 Qb5 66. Qe3 Qe5+ 67. f4 Qa1 68. e5 Qc1 69. Re2 Qc6 70. Qe4 Qc3 71. Re3 Qd2 72. Rg3 1-0